[Event "SVK Amateur-ch 2020"]
[Site "Topolcany"]
[Date "2020.07.13"]
[Round "6.32"]
[White "Musial, Tomasz"]
[Black "Vargyas, Zoltan"]
[Result "1-0"]
[WhiteElo "1946"]
[BlackElo "2023"]
[Annotator "ChessBase"]
[PlyCount "53"]
[EventDate "2020.07.10"]
[EventType "swiss"]
[EventCountry "SVK"]
[SourceTitle "playchess.com"]
[Source "ChessBase"]
[SourceQuality "1"]
[TimeControl "3600+30"]

1. d4 {[%emt 0:00:00]} Nf6 {[%emt 0:00:00]} 2. c4 {[%emt 0:00:00]} e6 {[%emt 0:00:00]} 3. Nf3 {[%emt 0:00:00]} b6 {[%emt 0:00:00]} 4. Bf4 {[%emt 0:00:30]} Bb4+ {[%emt 0:01:22]} 5. Nfd2 {[%emt 0:00:30]} O-O {[%emt 0:02:36]} 6. a3 {[%emt 0:00:29]} Be7 {[%emt 0:02:39]} 7. e4 {[%emt 0:03:40]} Nc6 {[%emt 0:05:25]} 8. d5 {[%emt 0:06:54]} Nb8 {[%emt 0:14:52]} 9. Nc3 {[%emt 0:08:45]} d6 {[%emt 0:00:31]} 10. Be2 {[%emt 0:00:40]} c6 {[%emt 0:04:16]} 11. b4 {[%emt 0:03:54]} Bb7 {[%emt 0:02:32]} 12. Nb3 {[%emt 0:01:54]} cxd5 {[%emt 0:03:30]} 13. cxd5 {[%emt 0:00:41]} exd5 {[%emt 0:00:55]} 14. exd5 {[%emt 0:01:39]} Nbd7 {[%emt 0:00:16]} 15. O-O {[%emt 0:01:34]} Rc8 {[%emt 0:03:24]} 16. Qd2 {[%emt 0:04:28]} Ne5 {[%emt 0:04:15]} 17. Rac1 {[%emt 0:02:37]} Qd7 {[%emt 0:08:31]} 18. Bb5 {[%emt 0:06:33]} Qg4 {[%emt 0:03:18]} 19. f3 {[%emt 0:00:34]} Qh5 {[%emt 0:01:11]} 20. Rfd1 {[%emt 0:09:45]} Rfd8 {[%emt 0:03:22]} 21. Qe2 {[%emt 0:01:53]} Rxc3 {[%emt 0:03:34]} 22. Rxc3 {[%emt 0:00:10]} Nxd5 {[%emt 0:00:07]} 23. Bxe5 {[%emt 0:00:34]} dxe5 {[%emt 0:02:53]} 24. Rcd3 {[%emt 0:06:05]} Qg5 {[%emt 0:01:23]} 25. Qd2 {[%emt 0:00:41]} e4 {[%emt 0:01:06]} 26. Qxg5 {[%emt 0:00:48]} Bxg5 {[%emt 0:00:12]} 27. fxe4 {[%emt 0:00:06]} 1-0

[Event "SVK Amateur-ch 2020"]
[Site "Topolcany"]
[Date "2020.07.13"]
[Round "7.1"]
[White "Gromovs, Sergejs"]
[Black "Kapusta, Petr"]
[Result "1-0"]
[WhiteElo "2131"]
[BlackElo "2120"]
[Annotator "TA"]
[PlyCount "69"]
[EventDate "2020.07.10"]
[EventType "swiss"]
[EventCountry "SVK"]
[SourceTitle "playchess.com"]
[Source "ChessBase"]
[SourceQuality "1"]

{[%evp 24,69,39,5,50,45,44,25,25,3,46,40,114,98,139,126,121,107,157,140,143,125,160,156,135,87,106,100,115,93,93,93,93,87,366,365,489,477,29981,29981,29970,5981,29990,29991,29993,29994,29995,29996]} 1. d4 Nf6 2. Nf3 g6 3. c4 Bg7 4. Nc3 O-O 5. e4 d6 6. Be2 e5 7. O-O Nc6 8. d5 Ne7 9. b4 a5 10. Ba3 axb4 11. Bxb4 b6 12. a4 Ne8 13. Qb3 f5 {E97: King's Indian: Classical Main Line (6...e5 7 0-0 Nc6): 8 Be3 and 8 d5 Ne7, not 9 Ne1.} 14. a5 bxa5 15. Rxa5 Rb8 {aiming for ...c5.White has an edge.} 16. Rb5 Rxb5 17. cxb5 {[#]} Nf6 $146 {[#]} (17... fxe4 $14 18. Nxe4 h6) ({Predecessor:} 17... h6 18. Nd2 fxe4 19. Ndxe4 Nf5 20. Bd3 Nd4 21. Qb1 Bb7 22. Ng3 g5 23. f3 Nf6 {1-0 (49) Peralta,F (2546)-Lopez,M (2345) Cali 2007}) 18. Nxe5 $1 $16 Nxe4 19. Nxe4 fxe4 20. Nc6 Nxc6 21. dxc6+ Kh8 22. Bc3 d5 23. Bxg7+ Kxg7 24. Rd1 Qf6 25. Qg3 d4 26. Qxc7+ Rf7 27. Qg3 {Black must now prevent Bc4.} d3 28. Bf1 {Strongly threatening Qe3.} Bg4 $2 {[%mdl 8192] Black cannot hold the game after this.} (28... Qb2 $16) 29. Rb1 $18 d2 {[#]} 30. b6 $1 {[%cal Rb6b7] b7 is the strong threat.} Qb2 (30... Qxc6 $18 31. Qxg4 Qc5) 31. Rxb2 d1=Q 32. b7 Be6 33. b8=Q {White mates.} Bc4 34. Qbe5+ Kg8 35. Rb8+ {Accuracy: White = 92%, Black = 24%.} 1-0

[Event "SVK Amateur-ch 2020"]
[Site "Topolcany"]
[Date "2020.07.13"]
[Round "7.1"]
[White "Cedzo, Adam"]
[Black "Bakalar, Jan"]
[Result "1-0"]
[WhiteElo "1974"]
[BlackElo "1896"]
[Annotator "ChessBase"]
[PlyCount "28"]
[EventDate "2020.07.10"]
[EventType "swiss"]
[EventCountry "SVK"]
[SourceTitle "playchess.com"]
[Source "ChessBase"]
[SourceQuality "1"]
[TimeControl "3600+30"]

1. e4 {[%emt 0:00:00]} c5 {[%emt 0:00:00]} 2. Nf3 {[%emt 0:00:00]} a6 {[%emt 0:00:00]} 3. d4 {[%emt 0:00:00]} cxd4 {[%emt 0:00:05]} 4. Nxd4 {[%emt 0:00:05]} Nf6 {[%emt 0:00:23]} 5. Nc3 {[%emt 0:00:14]} e5 {[%emt 0:00:11]} 6. Nf5 {[%emt 0:00:55]} d5 {[%emt 0:00:11]} 7. Bg5 {[%emt 0:05:19]} d4 {[%emt 0:05:57]} 8. Bxf6 {[%emt 0:08:03]} gxf6 {[%emt 0:05:36]} 9. Ne2 {[%emt 0:07:00]} Qb6 {[%emt 0:02:25]} 10. Rb1 {[%emt 0:01:20]} Bxf5 {[%emt 0:08:29]} 11. exf5 {[%emt 0:02:43]} Nc6 {[%emt 0:00:44]} 12. a3 {[%emt 0:01:22]} O-O-O {[%emt 0:00:51]} 13. Ng3 {[%emt 0:01:06]} Bh6 {[%emt 0:06:16]} 14. Bd3 {[%emt 0:10:17]} Qa5+ {[%emt 0:00:19]} 1-0

[Event "SVK Amateur-ch 2020"]
[Site "Topolcany"]
[Date "2020.07.13"]
[Round "7.2"]
[White "Suder, Jakub"]
[Black "Hros, Roman"]
[Result "1-0"]
[WhiteElo "2095"]
[BlackElo "2199"]
[Annotator "TA"]
[PlyCount "87"]
[EventDate "2020.07.10"]
[EventType "swiss"]
[EventCountry "SVK"]
[SourceTitle "playchess.com"]
[Source "ChessBase"]
[SourceQuality "1"]

{[%evp 14,87,15,14,12,12,62,70,70,67,75,72,84,75,85,75,83,90,121,0,0,0,0,0,0,0,0,0,0,-2,0,-37,0,0,0,0,10,0,52,4,5,0,0,0,0,0,7,0,83,88,86,0,91,65,1218,1210,1153,1127,1210,1210,1055,903,1412,1324,2363,1986,2039,1784,5381,2597,2329,1933,12841,12842,1963,762]} 1. d4 Nf6 2. c4 e6 3. Nc3 Bb4 4. f3 c5 5. d5 O-O 6. e4 d6 7. Nge2 exd5 8. cxd5 a6 {E20: Nimzo-Indian: 4 g3 and 4 f3.} 9. Ng3 b5 10. a4 bxa4 {White is slightly better.} 11. Qxa4 Nbd7 12. Be2 Ne5 13. O-O {[#]} Bd7 $146 ({Predecessor:} 13... Nfd7 14. f4 Ng6 15. Qc2 Re8 16. Nd1 Nf6 17. Ne3 Qe7 18. Bb5 Bd7 19. Bxd7 Qxd7 {1-0 (39) Narciso Dublan,M (2467)-Granda Zuniga,J (2662) Linares 2017}) 14. Qc2 c4 15. Be3 Bb5 16. f4 ({White should play} 16. Nf5 $16) 16... Nfg4 $1 $11 {[%cal Rg4e3]} 17. Bd4 {aiming for h3.} Qh4 {[%csl Gg4][%cal Rh4h2]} 18. Bxg4 Nxg4 {[%csl Gg4][%cal Rh4h2]} 19. h3 Qxg3 {[%csl Gg4][%cal Rg3h2]} 20. hxg4 Qxg4 21. Rf3 f6 22. Qf2 Bd7 23. Rg3 Qh5 24. f5 Qe8 25. Qf4 Qe7 ({Black should try} 25... Rf7 $11) 26. Qh4 {[%mdl 1024] White has compensation.} (26. Kf2 $5 {[%cal Ra1h1]} Be8 27. Ne2 $11) 26... Rae8 27. Rh3 h6 28. Rg3 $36 {[%mdl 2048] And now Qxh6 would win. Black is under pressure.} Kh7 29. Rg4 a5 30. Rf1 Bxc3 (30... Rb8 $11) 31. Bxc3 $16 Ba4 32. Bd4 (32. Bd2 $16 {Black must now prevent Bxh6!} Qa7+ 33. Kh2) 32... Bc2 {[#]} (32... Rb8 $11 {keeps the balance.}) 33. Be3 $1 {[%cal Re3h6] Threatens to win with Bxh6!} Bxe4 $2 {[%mdl 8192] [#] Loses the game.} (33... Rh8 $14) 34. Bxh6 $1 $18 {[%mdl 512] White is clearly winning.} gxh6 35. Rg6 $1 {[%csl Gg6][%cal Rh4h6]} Qg7 36. Rxg7+ Kxg7 37. Qh5 {Intending Qg6+ and mate.} Rf7 38. Re1 Kf8 39. Qxh6+ Rg7 40. Re2 Kf7 41. Qh5+ Kf8 42. Qh4 {[%mdl 64] Double Attack} Bxd5 43. Qxf6+ {[%mdl 64] Double Attack} Bf7 44. Rxe8+ {[%mdl 64] Pin. Accuracy: White = 88%, Black = 54%.} 1-0

[Event "SVK Amateur-ch 2020"]
[Site "Topolcany"]
[Date "2020.07.13"]
[Round "7.2"]
[White "Kubrican, Anton"]
[Black "Ihnat Marek ml."]
[Result "0-1"]
[WhiteElo "1861"]
[BlackElo "2065"]
[Annotator "RC"]
[PlyCount "124"]
[EventDate "2020.07.10"]
[EventType "swiss"]
[EventCountry "SVK"]
[SourceTitle "playchess.com"]
[Source "ChessBase"]
[SourceQuality "1"]
[TimeControl "3600+30"]

1. g3 {[%emt 0:00:00]} Nf6 {[%emt 0:00:00]} 2. Bg2 {[%emt 0:00:00]} g6 {[%emt 0:00:00]} 3. d4 {[%emt 0:00:36]} d5 {[%emt 0:00:16]} 4. Nf3 {[%emt 0:00:45]} Bg7 {[%emt 0:00:06]} 5. O-O {[%emt 0:00:07]} O-O {[%emt 0:00:05]} 6. Bf4 {[%emt 0:00:44]} c5 {[%emt 0:00:47]} 7. c3 {[%emt 0:01:12]} Nc6 {[%emt 0:01:05]} 8. Ne5 {[%emt 0:03:40]} cxd4 {[%emt 0:03:40]} 9. cxd4 {[%emt 0:01:03]} Qb6 {[%emt 0:01:50]} 10. Nxc6 {[%emt 0:01:03]} bxc6 {[%emt 0:00:26]} 11. Bc1 {[%emt 0:06:23]} Ba6 {[%emt 0:05:48]} 12. Re1 {[%emt 0:00:14]} Nd7 {[%emt 0:02:15]} 13. e3 {[%emt 0:01:10]} e6 {[%emt 0:01:06]} 14. Nc3 {[%emt 0:01:02]} c5 {[%emt 0:05:09]} 15. Na4 {[%emt 0:01:41]} Qc6 {[%emt 0:02:54]} 16. Nxc5 {[%emt 0:00:24]} Nxc5 {[%emt 0:00:09]} 17. dxc5 {[%emt 0:00:03]} Qxc5 {[%emt 0:00:09]} 18. Bd2 {[%emt 0:00:23]} Qb6 {[%emt 0:01:33]} 19. Bc3 {[%emt 0:03:54]} Bxc3 {[%emt 0:00:16]} 20. bxc3 {[%emt 0:00:01]} Qa5 {[%emt 0:01:20]} 21. Qd4 {[%emt 0:01:10]} Rfc8 {[%emt 0:03:01]} 22. Qb4 {[%emt 0:01:20]} Qc5 {[%emt 0:01:42]} 23. e4 {[%emt 0:00:40]} dxe4 {[%emt 0:01:30]} 24. Qxe4 {[%emt 0:01:49]} Rab8 {[%emt 0:01:05]} 25. Qf4 {[%emt 0:04:08]} Qxc3 {[%emt 0:03:34]} 26. Rac1 {[%emt 0:00:54]} Qa5 {[%emt 0:01:54]} 27. h4 {[%emt 0:02:34]} h5 {[%emt 0:04:58]} 28. Qd4 {[%emt 0:02:48]} Qb6 {[%emt 0:03:57]} 29. Qxb6 {[%emt 0:04:25]} axb6 {[%emt 0:01:31]} 30. Rxc8+ {[%emt 0:04:16]} Bxc8 {[%emt 0:01:58]} 31. Re3 {[%emt 0:00:18]} Ba6 {[%emt 0:01:19]} 32. Rc3 {[%emt 0:01:07]} Rd8 {[%emt 0:04:32]} 33. Bf3 {[%emt 0:00:33]} Rd3 {[%emt 0:04:44]} 34. Rxd3 {[%emt 0:01:35]} Bxd3 {[%emt 0:00:04]} 35. Bc6 {[%emt 0:00:10]} Bc4 {[%emt 0:00:59]} 36. a3 {[%emt 0:00:01]} Kg7 {[%emt 0:01:29]} 37. f4 {[%emt 0:00:03]} Kf6 {[%emt 0:00:31]} 38. Kf2 {[%emt 0:00:05]} Bd5 {[%emt 0:03:13]} 39. Bb5 {[%emt 0:00:01]} e5 {[%emt 0:00:45]} 40. fxe5+ {[%emt 0:00:14]} Kxe5 {[%emt 0:00:02]} 41. Ke3 {[%emt 0:00:31]} Kf5 {[%emt 0:01:07]} 42. Be2 {[%emt 0:00:00]} Ke5 {[%emt 0:01:09]} 43. Bd1 {[%emt 0:00:39]} Be6 {[%emt 0:00:44]} 44. Bf3 {[%emt 0:00:14]} Bg4 {[%emt 0:00:48]} 45. Bc6 {[%emt 0:00:12]} f6 {[%emt 0:01:33]} 46. Bg2 {[%emt 0:03:34]} Bf5 {[%emt 0:01:32]} 47. Bf3 {[%emt 0:00:11]} Bg4 {[%emt 0:01:22]} 48. Bg2 {[%emt 0:00:14]} g5 {[%emt 0:00:17]} 49. hxg5 {[%emt 0:00:13]} fxg5 {[%emt 0:00:09]} 50. Bh1 {[%emt 0:00:04]} Be6 {[%emt 0:00:42]} 51. Bf3 {[%emt 0:00:48]} h4 {[%emt 0:03:01]} 52. gxh4 {[%emt 0:00:10]} gxh4 {[%emt 0:00:09]} 53. Kf2 {[%emt 0:00:30]} Bd7 {[%emt 0:00:50]} 54. Ke3 {[%emt 0:00:04]} Be6 {[%emt 0:00:55]} 55. Kf2 {[%emt 0:00:29]} Kd4 {[%emt 0:00:26]} 56. Bc6 {[%emt 0:00:11]} Kc3 {[%emt 0:00:47]} 57. Kg2 {[%emt 0:00:28]} Kc4 {[%emt 0:00:38]} 58. Kh2 {[%emt 0:00:11]} Kc5 {[%emt 0:00:28]} 59. Be8 {[%emt 0:00:10]} Kd6 {[%emt 0:00:21]} 60. Bb5 {[%emt 0:00:22]} Bd7 {[%emt 0:00:29]} 61. Be2 {[%emt 0:00:11]} Kc5 {[%emt 0:00:30]} 62. Bd3 {[%emt 0:00:12]} Kd4 {[%emt 0:00:09]} 0-1

[Event "SVK Amateur-ch 2020"]
[Site "Topolcany"]
[Date "2020.07.13"]
[Round "7.3"]
[White "Hasterok, Mateusz"]
[Black "Bango, Lukas"]
[Result "0-1"]
[WhiteElo "2056"]
[BlackElo "2153"]
[Annotator "TA"]
[PlyCount "90"]
[EventDate "2020.07.10"]
[EventType "swiss"]
[EventCountry "SVK"]
[SourceTitle "playchess.com"]
[Source "ChessBase"]
[SourceQuality "1"]

{[%evp 17,90,13,41,45,45,37,37,40,55,0,0,-75,-88,-99,-111,-113,-114,-134,-148,-176,-177,-233,-170,-229,-202,-208,-221,-189,-146,-297,-297,-284,-273,-283,-253,-300,-295,-439,-465,-413,-310,-320,-235,-331,-276,-413,-328,-406,-397,-420,-339,-371,0,-312,-242,-314,-304,-500,-500,-489,-484,-446,-438,-29976,-29977,-29977,-29978,-29977,-29979,-29979,-29980,-29980,-29981,-29985,-29986]} 1. d4 Nf6 2. c4 e6 3. Nc3 Bb4 4. f3 d5 5. a3 Bxc3+ 6. bxc3 O-O 7. cxd5 exd5 8. e3 Bf5 9. Ne2 c5 10. g4 {E27: Nimzo-Indian: Sämisch: 5...0-0 6 f3.} Bg6 11. Nf4 Nc6 12. h4 {White is slightly better.} h6 13. Nxg6 ({White should try} 13. Bd3 $14) 13... fxg6 $11 14. Bd3 (14. Bg2 $11 {remains equal.}) 14... Qd6 $17 {[#]} 15. f4 $146 ({Predecessor:} 15. Rh3 Qe6 16. Qe2 h5 17. Rg3 hxg4 18. fxg4 Ne4 19. Bxe4 Qxe4 20. Qg2 Qd3 21. Bd2 cxd4 22. Qxd5+ {0-1 (31) Draskovic,D (2255)-Maksimovic,B (2325) Kladovo 1992}) 15... Rae8 {[#] Threatens to win with ...Qxf4.} 16. O-O Ne4 17. Bxe4 Rxe4 ({Reject} 17... dxe4 $6 18. a4 $11) 18. Qf3 Na5 ({Don't do} 18... cxd4 19. cxd4 Na5 20. Rb1 $17) 19. Ra2 (19. Rb1 {keeps fighting.}) 19... Nc4 20. Qh3 (20. Rg2 {was necessary.}) 20... Rfe8 $19 {[%cal Rc4e3]} 21. Rf3 Qb6 {Strongly threatening ...Qb1.} 22. Qg2 Kh8 {[%cal Rc5d4]} 23. Kh2 $2 (23. Qf2 $17) 23... cxd4 24. cxd4 Nxe3 25. Bxe3 Rxe3 26. Rxe3 Rxe3 {[%mdl 4096] Endgame KQR-KQR} 27. Rd2 (27. Re2 $142 Rxe2 28. Qxe2) 27... Qf6 28. Qf2 Re4 29. Kg3 h5 {And now ...Qe6 would win.} 30. gxh5 (30. Qf3 {is a better defense.}) 30... gxh5 31. Qf3 (31. Re2 $142) 31... Qg6+ 32. Kh2 Qf5 33. Kg3 Re6 34. Kf2 Re4 35. Kg3 Kh7 36. a4 b6 37. Rd3 $2 (37. Re2 {was the only defense.}) 37... Rxf4 38. Qxf4 Qxd3+ {KQ-KQ} 39. Kh2 Qe2+ 40. Kh1 {[#]} (40. Kg3 $19 Qg4+ 41. Qxg4 hxg4 42. Kxg4) 40... Qe4+ {Black mates.} 41. Qxe4+ dxe4 42. Kg2 Kg6 43. Kf2 Kf5 44. Ke3 a6 45. Kd2 Ke6 {Accuracy: White = 40%, Black = 79%.} 0-1

[Event "SVK Amateur-ch 2020"]
[Site "Topolcany"]
[Date "2020.07.13"]
[Round "7.3"]
[White "Juan Lepp, Jaime Boris"]
[Black "Podoba, Milan"]
[Result "0-1"]
[WhiteElo "1853"]
[BlackElo "2027"]
[Annotator "RC"]
[PlyCount "78"]
[EventDate "2020.07.10"]
[EventType "swiss"]
[EventCountry "SVK"]
[SourceTitle "playchess.com"]
[Source "ChessBase"]
[SourceQuality "1"]
[TimeControl "3600+30"]

1. e4 {[%emt 0:00:00]} e6 {[%emt 0:00:00]} 2. Nf3 {[%emt 0:00:00]} d5 {[%emt 0:00:00]} 3. Nc3 {[%emt 0:00:00]} Nf6 {[%emt 0:00:07]} 4. e5 {[%emt 0:00:00]} Nfd7 {[%emt 0:00:06]} 5. d4 {[%emt 0:00:10]} c5 {[%emt 0:00:10]} 6. Bg5 {[%emt 0:00:09]} Qb6 {[%emt 0:02:05]} 7. dxc5 {[%emt 0:01:17]} Bxc5 {[%emt 0:01:54]} 8. Qd2 {[%emt 0:00:32]} Nc6 {[%emt 0:05:27]} 9. Na4 {[%emt 0:01:24]} Qb4 {[%emt 0:01:53]} 10. Nxc5 {[%emt 0:01:06]} Qxd2+ {[%emt 0:00:47]} 11. Nxd2 {[%emt 0:00:54]} Nxc5 {[%emt 0:00:12]} 12. Bb5 {[%emt 0:00:28]} Bd7 {[%emt 0:03:03]} 13. Bxc6 {[%emt 0:00:33]} Bxc6 {[%emt 0:00:13]} 14. O-O {[%emt 0:00:28]} Rc8 {[%emt 0:02:54]} 15. f3 {[%emt 0:04:10]} Bb5 {[%emt 0:02:24]} 16. Rfe1 {[%emt 0:06:12]} Rc7 {[%emt 0:04:52]} 17. Rac1 {[%emt 0:01:38]} Kd7 {[%emt 0:04:57]} 18. Nb3 {[%emt 0:01:38]} Na4 {[%emt 0:01:26]} 19. Nd4 {[%emt 0:01:29]} Ba6 {[%emt 0:00:09]} 20. b3 {[%emt 0:02:03]} Nc3 {[%emt 0:00:07]} 21. a4 {[%emt 0:01:18]} Na2 {[%emt 0:04:31]} 22. Rcd1 {[%emt 0:05:00]} Nc3 {[%emt 0:03:44]} 23. Rc1 {[%emt 0:01:11]} Rhc8 {[%emt 0:03:29]} 24. Kf2 {[%emt 0:03:18]} Ke8 {[%emt 0:02:26]} 25. b4 {[%emt 0:06:31]} Rc4 {[%emt 0:03:58]} 26. b5 {[%emt 0:02:41]} Rxd4 {[%emt 0:00:47]} 27. bxa6 {[%emt 0:00:12]} bxa6 {[%emt 0:00:45]} 28. Kg1 {[%emt 0:03:51]} Rxa4 {[%emt 0:02:19]} 29. Ra1 {[%emt 0:00:46]} Rcc4 {[%emt 0:01:07]} 30. Bd2 {[%emt 0:01:22]} Nb5 {[%emt 0:01:49]} 31. Rxa4 {[%emt 0:01:35]} Rxa4 {[%emt 0:00:06]} 32. Rc1 {[%emt 0:05:20]} Rc4 {[%emt 0:05:42]} 33. Kf2 {[%emt 0:01:41]} Nd4 {[%emt 0:01:27]} 34. c3 {[%emt 0:00:42]} Nb3 {[%emt 0:00:11]} 35. Rd1 {[%emt 0:00:11]} Nxd2 {[%emt 0:00:16]} 36. Rxd2 {[%emt 0:00:30]} Rxc3 {[%emt 0:00:15]} 37. Ra2 {[%emt 0:00:00]} Rc6 {[%emt 0:00:06]} 38. Ke3 {[%emt 0:00:15]} Kd7 {[%emt 0:00:14]} 39. g3 {[%emt 0:00:30]} Kc7 {[%emt 0:00:11]} 0-1

[Event "SVK Amateur-ch 2020"]
[Site "Topolcany"]
[Date "2020.07.13"]
[Round "7.4"]
[White "Deruelle Sala, Albert"]
[Black "Oprea, Erik"]
[Result "0-1"]
[WhiteElo "2078"]
[BlackElo "2143"]
[Annotator "TA"]
[PlyCount "100"]
[EventDate "2020.07.10"]
[EventType "swiss"]
[EventCountry "SVK"]
[SourceTitle "playchess.com"]
[Source "ChessBase"]
[SourceQuality "1"]

{[%evp 9,99,33,45,39,59,48,60,16,6,-9,-17,-25,-22,-17,-16,-13,12,14,69,73,77,75,71,20,50,0,67,54,40,8,24,23,22,23,20,8,8,8,15,-52,-13,-11,-11,-41,0,-8,-7,-6,0,0,0,0,0,10,34,0,29,33,30,32,27,18,64,22,89,92,127,102,125,98,109,92,176,88,96,97,96,72,77,59,83,6,0,0,25,18,18,0,93,0,0,-29999]} 1. d4 d6 2. Nf3 Nd7 3. e4 e5 4. c3 Ngf6 5. Bd3 Be7 6. O-O {B07: Pirc Defence: Miscellaneous Systems.} c6 7. h3 Qc7 8. Nh2 {[#] White is slightly better.} O-O $146 ({Predecessor:} 8... d5 9. exd5 Nxd5 10. c4 N5f6 11. dxe5 Nxe5 12. Bf4 Bd6 13. c5 Nf3+ 14. Nxf3 Bxf4 {1-0 (36) Mamedjarova,T (2308)-Bashkite,V (2217) Kusadasi 2006}) 9. f4 c5 10. Nf3 cxd4 11. cxd4 exd4 12. Bc2 b6 13. Nxd4 d5 ({Black should play} 13... Bb7 $11) 14. e5 $1 $14 {[%cal Re5f6]} Ne4 15. Be3 Ba6 16. Rf3 (16. Bxe4 $16 dxe4 17. Nc3) 16... Rac8 17. Nd2 Nxd2 (17... Ndc5 $11) 18. Qxd2 Nc5 19. Rg3 Ne4 20. Bxe4 dxe4 21. Nf5 g6 22. Nxe7+ Qxe7 23. Bd4 Rfd8 {...Rc4 is the strong threat.} 24. Qe3 (24. Qf2 $11) 24... Rc4 25. Bc3 $1 Rd3 26. Qe1 Qd7 (26... e3 $5 27. Kh2 Re4 $17) 27. Kh2 Qf5 28. Qf2 $1 e3 29. Rxe3 Rxf4 30. Qg3 Rxe3 31. Qxe3 {Black must now prevent Rd1.} Re4 32. Qd2 {Strongly threatening Qd8+.} (32. Qh6 $5 {[%cal Ra1d1]} Qd7 33. e6 $1 {[%mdl 512]} Qc7+ 34. Kh1 fxe6 35. Rd1 $11) 32... Qf4+ (32... Re2 {is interesting.} 33. Qd8+ Kg7 34. Rd1 Rxg2+ 35. Kxg2 Qe4+) 33. Qxf4 Rxf4 $11 {[%mdl 4096] Endgame KRB-KRB} 34. Rd1 {Threatens to win with Rd8+.} Kf8 35. Rd7 Rf2 36. Rxa7 Bf1 (36... Bc4 $1 $11) 37. Kg1 $16 Rf5 38. a4 Bd3 39. Rb7 Rf1+ 40. Kh2 Rf2 (40... Bc2 $16) 41. Kg3 (41. Rb8+ $18 Ke7 42. Kg3 (42. Rxb6 Be4 $16)) 41... Rxg2+ {[#]} 42. Kf3 $1 ({Reject} 42. Kxg2 Be4+ 43. Kf2 Bxb7 $11) 42... Rh2 43. Rxb6 Rxh3+ 44. Kg2 (44. Kf2 {keeps more tension.} g5 45. a5 g4 46. a6 Be4 47. Rb8+) 44... Rh4 45. b4 (45. Rd6 $16) 45... Rc4 $11 46. Be1 h5 47. a5 h4 48. a6 {And now a7 would win.} Rc2+ {[#]} (48... Be4+ $11 49. Kf2 Rc2+ 50. Ke3 {[%mdl 64] Discovered Attack} h3) 49. Kh3 (49. Kf3 $1 $16 Ra2 50. Bxh4) 49... g5 $1 {[%cal Rd3f5]} 50. a7 $2 {[%mdl 8192]} (50. Kg4 $11) 50... Bf5# {Accuracy: White = 64%, Black = 65%.} 0-1

[Event "SVK Amateur-ch 2020"]
[Site "Topolcany"]
[Date "2020.07.13"]
[Round "7.4"]
[White "Vargyas, Zoltan"]
[Black "Gyurika, Tamas"]
[Result "1/2-1/2"]
[WhiteElo "2023"]
[BlackElo "1851"]
[Annotator "RC"]
[PlyCount "46"]
[EventDate "2020.07.10"]
[EventType "swiss"]
[EventCountry "SVK"]
[SourceTitle "playchess.com"]
[Source "ChessBase"]
[SourceQuality "1"]
[TimeControl "3600+30"]

1. c4 {[%emt 0:00:00]} c5 {[%emt 0:00:00]} 2. Nf3 {[%emt 0:00:00]} Nc6 {[%emt 0:00:00]} 3. Nc3 {[%emt 0:00:08]} Nf6 {[%emt 0:00:13]} 4. g3 {[%emt 0:00:11]} g6 {[%emt 0:00:27]} 5. Bg2 {[%emt 0:00:08]} Bg7 {[%emt 0:00:30]} 6. d4 {[%emt 0:00:19]} d6 {[%emt 0:00:13]} 7. dxc5 {[%emt 0:01:43]} dxc5 {[%emt 0:00:22]} 8. Be3 {[%emt 0:00:17]} Qb6 {[%emt 0:01:37]} 9. O-O {[%emt 0:04:31]} O-O {[%emt 0:03:13]} 10. Na4 {[%emt 0:02:45]} Qb4 {[%emt 0:00:49]} 11. b3 {[%emt 0:06:00]} Ne4 {[%emt 0:01:22]} 12. Ne1 {[%emt 0:11:45]} Nc3 {[%emt 0:03:41]} 13. Nxc3 {[%emt 0:02:59]} Bxc3 {[%emt 0:00:13]} 14. Nd3 {[%emt 0:00:59]} Qa5 {[%emt 0:00:21]} 15. Rc1 {[%emt 0:08:15]} Nd4 {[%emt 0:00:59]} 16. Nxc5 {[%emt 0:01:21]} Rd8 {[%emt 0:00:54]} 17. Bd5 {[%emt 0:06:53]} Rxd5 {[%emt 0:04:15]} 18. cxd5 {[%emt 0:00:43]} Qxc5 {[%emt 0:00:19]} 19. Rxc3 {[%emt 0:05:43]} Nxe2+ {[%emt 0:01:05]} 20. Qxe2 {[%emt 0:00:18]} Qxc3 {[%emt 0:00:05]} 21. Rc1 {[%emt 0:01:30]} Qe5 {[%emt 0:01:08]} 22. Qf3 {[%emt 0:03:32]} Bf5 {[%emt 0:01:01]} 23. Bf4 {[%emt 0:04:37]} Be4 {[%emt 0:02:18]} 1/2-1/2